1376 1151 1780 1207 1913 1089 1024 1497 1114 1439 1666 1564 1276 1235 1433 1353 1442 1906 1027 1206 1736 1625 1370 1161 1866 1205 1331 1287 1967 1677 1394 1209 1534 1059 1229 1502 1561 1726 1248 1415 1486 1644 1390 1425 1454 1757 1131 1685 1081 1228 1009 1275 1857 1502 1888 1218 1538 1191 1794 1284 1719 1096 1006 1517 1524 1399 1474 1104 1676 1436 1523 1937 1517 1989 1746 1559 1313 1315 1435 1409 1577 1493 1482 1382 1203 1721 1472 1788 1787 1299 1049 1997 1512 1683 1143 1907 1900 1771 1998 BCNSPRNW ULIB Ver.6.0+V

เปลี่ยนเป็นภาษาไทย

Change to English
 แสดงรายละเอียดบรรณานุกรม
  กลับหน้าหลัก

Brief Record : Get Marc (ISO 2709) : E-mail record : QR code < ปิดหน้าต่าง
LEADER : 00000nam 2200000uu 4500
001    13399111995
003     ULIB
008    110719s2550||||th 000 0 tha d
020    9747503197
024    9789747503197
090    นว.^bส731ร 2550
100 0   สิรินดา&วิลีวิไล
245 00  รักเธอ..Super Model/^cสิรินดา&วิลีวิไล
250     พิมพ์ครั้งที่ 2
260     กรุงเทพฯ :^bแจ่มใส,^c2550
300     231 หน้า
945    ^p169^l0^i021047
995     เกษร
999     ^aใช้งานได้ทุกระบบ
รายการนี้ยังไม่มีแท็ก
คุณยังไม่ได้ล็อกอิน คุณสามารถมีกิจกรรมร่วมกับเว็บไซต์ได้ แต่ต้องล็อกอินก่อน ::
  ล็อกอิน

รายการสื่อสารสนเทศ

ลำดับที่ ประเภท เลขเรียก/บาร์โค้ด สถานที่ สถานะ
1. นวนิยาย
นวนิยาย
นว. ส731ร 2550  
  Barcode: 021047
ห้องสมุดวิทยาเขตสวรรค์ประชารักษ์
►นวนิยาย
บนชั้น
  ขอยืม

BibComment


ยังไม่เคยถูกคอมเมนท์

คอมเมนท์ทรัพยากรรายการนี้
  คอมเมนท์: รักเธอSuper Mode..


 Copyright 2026. Bcnsprnw @Library